Normal view MARC view
  • JR, B.F. Spencer

Entry Personal Name

Number of records used in: 1

001 - CONTROL NUMBER

  • control field: 42950

003 - CONTROL NUMBER IDENTIFIER

  • control field: NUST

005 - DATE AND TIME OF LATEST TRANSACTION

  • control field: 20210314132456.0

008 - FIXED-LENGTH DATA ELEMENTS

  • fixed length control field: 210314|| aca||aabn | a|a d

040 ## - CATALOGING SOURCE

  • Original cataloging agency: NUST
  • Transcribing agency: NUST

100 ## - HEADING--PERSONAL NAME

  • Personal name: JR, B.F. Spencer

670 ## - SOURCE DATA FOUND

  • Source citation: Work cat.: (NUST): JR, B.F. Spencer., Earthquake engineering frontiers in the new millennium.
© 2023 Central Library, National University of Sciences and Technology. All Rights Reserved.